000 00302nam a22001337a 4500
008 170524b xxu||||| |||| 00| 0 eng d
020 _a2900470417019
041 _aeng
080 _23RD
_a62
100 _a26
101 _aIM
245 _aA GUIDE TO WRITING AS AN ENGINEER
_cBEER,D
942 _2udc
_cBK
999 _c14187
_d14187